| 000 | 00545nam a2200157 a 4500 | ||
|---|---|---|---|
| 008 | 120416s1980 ||||||||||||||||| || u | ||
| 050 | _aQA 152.2 Ker | ||
| 100 | _aKerr, Donald R | ||
| 245 | 1 | 0 | _aBasic Mathematics |
| 246 | _aarithmetic with an introductin to algebra | ||
| 250 | _a2nd. ed. | ||
| 260 |
_aNew York _bMcGraw-Hill _c1980 |
||
| 300 | _axv, 544p : ill. | ||
| 350 | _a0.00 | ||
| 995 |
_D0.00 _FCBU-MAIN LIBRARY (Kitwe) _H1 _I37.50 _M1 _UAVAILABLE _ZAnnex Low-Usage Collection |
||
| 999 |
_c35585 _d35585 |
||